Unraveling the terminal steps in rubber biosynthesis: Current perspectives on the role of cis-prenyltransferase and Hevea rubber transferase and Hevea rubber transferase 1 -REF bridging protein (Record no. 75808)

MARC details
000 -LEADER
fixed length control field 00655nam a22001817a 4500
100 ## - MAIN ENTRY--AUTHOR NAME
Personal name Vinod, A.
245 ## - TITLE STATEMENT
Title Unraveling the terminal steps in rubber biosynthesis: Current perspectives on the role of cis-prenyltransferase and Hevea rubber transferase and Hevea rubber transferase 1 -REF bridging protein
260 ## - PUBLICATION, DISTRIBUTION, ETC. (IMPRINT)
Name of publisher Rubber Science, 38(2): 229-247.
Year of publication 2025
650 ## - SUBJECT ADDED ENTRY--TOPICAL TERM
Topical Term Cis-prenyltransferase
650 ## - SUBJECT ADDED ENTRY--TOPICAL TERM
Topical Term Hevea rubber transferase 1 (HRT1)-REF bridging protein
650 ## - SUBJECT ADDED ENTRY--TOPICAL TERM
Topical Term Rubber biosynthesis
650 ## - SUBJECT ADDED ENTRY--TOPICAL TERM
Topical Term Rubber particle
700 ## - ADDED ENTRY--PERSONAL NAME
Personal name Rekha, K.
700 ## - ADDED ENTRY--PERSONAL NAME
Personal name Raheena, K.T.
700 ## - ADDED ENTRY--PERSONAL NAME
Personal name Thomas, K.U.
942 ## - ADDED ENTRY ELEMENTS (KOHA)
Koha item type Journals
Holdings
Withdrawn status Lost status Damaged status Not for loan Home library Current library Date acquired Koha item type
        RRII Library RRII Library 10/02/2026 Journals